Minkan yawa.

Saved in:
நூற்பட்டியல் விவரங்கள்
வடிவம்: புத்தகம்
மொழி:Japanese
வெளியீடப்பட்டது: Tōkyō : Gendai Shichōsha, [between 1973 and 1974]
தொகுதி:Nihon fushigi monogatari shūsei ; 11.
பகுதிகள்:
குறியீடுகள்: குறிச்சொல் இணை
குறியீடுகள் இல்லை, இந்த குறிச்சொல்லை முதலில் பதிவு செய்யுங்கள்!
LEADER 00814nam a2200241ui 4500
001 007711050-1
005 20024617122053.0
008 980217q19731974ja 000 1 jpn d
035 0 |a ocm38451967 
040 |a *YNH*  |c *YNH*  |d CStRLIN 
245 0 0 |6 880-01  |a Minkan yawa. 
260 |6 880-02  |a Tōkyō :  |b Gendai Shichōsha,  |c [between 1973 and 1974] 
300 |a 1 v. ;  |c 27 cm. 
490 1 |6 880-03  |a Nihon fushigi monogatari shūsei ;  |v 11 
650 0 |a Japanese fiction. 
650 0 |a Fantasy fiction. 
880 0 0 |6 245-01  |a 民間夜話. 
880 |6 260-02  |a 東京 :  |b 現代思潮社,  |c [between 1973 and 1974] 
880 1 |6 490-03  |a 日本不思議物語集成 ;  |v 11 
830 0 |6 880-53  |a Nihon fushigi monogatari shūsei ;  |v 11. 
880 0 |6 830-53  |a 日本不思議物語集成 ;  |v 11. 
988 |a 20021221 
906 |0 MH